000 00623nam a2200229Ia 4500
003 OSt
005 20220928122706.0
006 a|||||r|||| 00| 0
007 ta
008 220927b |||||||| |||| 00| 0 eng d
024 _a28899
037 _cTextual
040 _aSDCL
_cSDCL
_beng
041 _2eng
_aeng
082 _aX9, N5
100 _aRabinovitch Ramon
_9458820
245 0 _aManagerial economics
_b Theory and its applications
260 _aOxford
_bBlackwell Publishers
_c1995
300 _axiv,672p
_ccm.
942 _hX9, N5
_cTEXL
_2CC
999 _c772195
_d772195